[Event "Goch op 27th"]
[Site "Goch"]
[Date "2016.09.02"]
[Round "3"]
[White "Hemmers, Dirk"]
[Black "Haertel, Stephan"]
[Result "1/2-1/2"]
[WhiteElo "1840"]
[BlackElo "1985"]
[PlyCount "31"]
[EventDate "2016.09.01"]
[EventType "swiss"]
[EventRounds "7"]
[EventCountry "GER"]
[SourceTitle "EXT 2018"]
[Source "ChessBase"]
[SourceDate "2017.10.13"]
[SourceVersion "1"]
[SourceVersionDate "2017.10.13"]
[SourceQuality "1"]

1. f4 d5 2. Nf3 Nc6 3. g3 Bg4 4. Bg2 Nf6 5. 0-0 Bxf3 6. Bxf3 e5 7. fxe5 Nxe5 8. d4 Ned7 9. Nc3 c6 10. e4 dxe4 11. Nxe4 Be7 12. c3 0-0 13. Qb3 Nb6 14. Nxf6+ Bxf6 15. Bf4 Qd7 16. Rad1 1/2-1/2

[Event "Goch op 26th"]
[Site "Goch"]
[Date "2015.09.06"]
[Round "7"]
[White "Obciety, Sandra"]
[Black "Hemmers, Dirk"]
[Result "1/2-1/2"]
[WhiteElo "1234"]
[BlackElo "1841"]
[PlyCount "35"]
[EventDate "2015.09.03"]
[EventType "swiss"]
[EventRounds "7"]
[EventCountry "GER"]
[SourceTitle "EXT 2018"]
[Source "ChessBase"]
[SourceDate "2017.10.13"]
[SourceVersion "1"]
[SourceVersionDate "2017.10.13"]
[SourceQuality "1"]

1. e4 d5 2. exd5 Qxd5 3. Nc3 Qd8 4. Nf3 Nf6 5. Bc4 Bg4 6. h3 Bxf3 7. Qxf3 c6 8. d3 Nbd7 9. g4 Ne5 10. Qf4 Nxc4 11. Qxc4 e6 12. Bg5 Be7 13. 0-0-0 Nd5 14. Bxe7 Qxe7 15. Nxd5 cxd5 16. Qb5+ Qd7 17. Qxd7+ Kxd7 18. d4 1/2-1/2

[Event "Goch op 25th"]
[Site "Goch"]
[Date "2014.09.04"]
[Round "1"]
[White "Hemmers, Dirk"]
[Black "Thomas, Ingo"]
[Result "0-1"]
[WhiteElo "1825"]
[BlackElo "2191"]
[PlyCount "70"]
[EventDate "2014.09.04"]
[EventType "swiss"]
[EventRounds "7"]
[EventCountry "GER"]
[SourceTitle "EXT 2016"]
[Source "ChessBase"]
[SourceDate "2015.10.08"]
[SourceVersion "1"]
[SourceVersionDate "2015.10.08"]
[SourceQuality "1"]

1. f4 c5 2. Nf3 Nc6 3. e3 g6 4. Bb5 Qc7 5. Nc3 Nf6 6. d3 Bg7 7. 0-0 a6 8. Bxc6 Qxc6 9. e4 d6 10. a4 b6 11. Qe1 e6 12. e5 Nd7 13. exd6 Qxd6 14. Ne4 Qc7 15. c3 Bb7 16. Bd2 Rd8 17. d4 Qc6 18. d5 Qxd5 19. Ng3 0-0 20. Qe2 Nf6 21. c4 Qd3 22. Bc3 Qxe2 23. Nxe2 Bxf3 24. Rxf3 Ne4 25. Bxg7 Kxg7 26. Ng3 Nd2 27. Re3 a5 28. b3 Rd4 29. Ne2 Rd6 30. g3 Rfd8 31. Nc1 Ne4 32. Rf3 Rd2 33. Ra2 Rd1+ 34. Rf1 Rxf1+ 35. Kxf1 Rd1+ 0-1

[Event "Goch op 24th"]
[Site "Goch"]
[Date "2013.09.08"]
[Round "7"]
[White "Geerling, Anton"]
[Black "Hemmers, Dirk"]
[Result "1-0"]
[WhiteElo "1529"]
[BlackElo "1815"]
[PlyCount "65"]
[EventDate "2013.09.05"]
[EventType "swiss"]
[EventRounds "7"]
[EventCountry "GER"]
[SourceTitle "EXT 2015"]
[Source "ChessBase"]
[SourceDate "2014.11.20"]
[SourceVersion "1"]
[SourceVersionDate "2014.11.20"]
[SourceQuality "1"]

1. e4 e5 2. Nf3 Nf6 3. Nxe5 d6 4. Nf3 Nxe4 5. Nc3 d5 6. Qe2 Be7 7. Nxe4 dxe4 8. Qxe4 Nd7 9. Bc4 Nf6 10. Qe2 Bg4 11. 0-0 0-0 12. c3 Re8 13. d4 Nd5 14. Re1 c6 15. Be3 Bd6 16. Bxd5 cxd5 17. h3 Bh5 18. g4 Bg6 19. Qb5 b6 20. Bg5 Be7 21. Bxe7 Rxe7 22. Rxe7 Qxe7 23. Re1 Qd8 24. Re5 Be4 25. Nd2 f6 26. Re6 Kf7 27. Rc6 f5 28. Nxe4 fxe4 29. c4 dxc4 30. Qxc4+ Kf8 31. d5 Qe8 32. Re6 Qd7 33. Qxe4 1-0

[Event "Goch op 23rd"]
[Site "Goch"]
[Date "2012.09.02"]
[Round "7"]
[White "Hemmers, Dirk"]
[Black "Vranidis, Georgios"]
[Result "1/2-1/2"]
[WhiteElo "1819"]
[BlackElo "1963"]
[PlyCount "79"]
[EventDate "2012.08.30"]
[EventType "swiss"]
[EventRounds "7"]
[EventCountry "GER"]
[SourceTitle "EXT 2015"]
[Source "ChessBase"]
[SourceDate "2014.11.20"]
[SourceVersion "1"]
[SourceVersionDate "2014.11.20"]
[SourceQuality "1"]

1. f4 d5 2. Nf3 Nf6 3. b3 g6 4. Bb2 Bg7 5. e3 Bg4 6. Be2 0-0 7. 0-0 c6 8. Ne5 Bxe2 9. Qxe2 Nbd7 10. d3 Qb6 11. Nd2 e6 12. Kh1 Rad8 13. d4 Rfe8 14. c4 h5 15. c5 Qc7 16. Rac1 Qa5 17. a3 a6 18. Bc3 Qc7 19. b4 Ra8 20. Bb2 Qd8 21. a4 Nxe5 22. fxe5 Ng4 23. h3 Nh6 24. Qf2 Rf8 25. Bc3 f5 26. Qe2 Nf7 27. b5 axb5 28. axb5 Bh6 29. b6 Qg5 30. Ra1 Qxe3 31. Qxe3 Bxe3 32. Nb3 Rfb8 33. Ra7 Rxa7 34. bxa7 Ra8 35. Ra1 Bg5 36. Bd2 Bd8 37. Kg1 Kf8 38. Kf2 Ke8 39. Nc1 Kd7 40. Nd3 1/2-1/2

[Event "Goch op 23rd"]
[Site "Goch"]
[Date "2012.09.01"]
[Round "4"]
[White "Juenger, Leonhard"]
[Black "Hemmers, Dirk"]
[Result "1-0"]
[WhiteElo "1549"]
[BlackElo "1819"]
[PlyCount "159"]
[EventDate "2012.08.30"]
[EventType "swiss"]
[EventRounds "7"]
[EventCountry "GER"]
[SourceTitle "EXT 2015"]
[Source "ChessBase"]
[SourceDate "2014.11.20"]
[SourceVersion "1"]
[SourceVersionDate "2014.11.20"]
[SourceQuality "1"]

1. e4 e5 2. Nf3 Nf6 3. Nxe5 d6 4. Nf3 Nxe4 5. Qe2 Qe7 6. d3 Nf6 7. Bg5 Qxe2+ 8. Bxe2 Be7 9. Nc3 c6 10. 0-0 0-0 11. Rfe1 Re8 12. h3 Be6 13. Nd4 Nbd7 14. Nxe6 fxe6 15. d4 e5 16. dxe5 Nxe5 17. Bf1 Nfd7 18. Bxe7 Rxe7 19. f4 Ng6 20. Rxe7 Nxe7 21. Re1 Kf8 22. g4 d5 23. Kg2 Re8 24. Kf3 Ng6 25. Rxe8+ Kxe8 26. a3 Ke7 27. Bd3 Nc5 28. Bxg6 hxg6 29. h4 Ne6 30. Ne2 Kf6 31. b4 Nc7 32. Ke3 Ne8 33. Nc1 Nd6 34. a4 b6 35. Nd3 Ne4 36. Kd4 Ke6 37. a5 Kd6 38. axb6 axb6 39. Ne5 c5+ 40. bxc5+ bxc5+ 41. Ke3 Nf6 42. g5 Nd7 43. Nxg6 Ke6 44. h5 Kf5 45. Ne7+ Ke6 46. Nc6 Kf5 47. Kf3 Nf8 48. Nd8 d4 49. Nb7 Nd7 50. Nd6+ Ke6 51. Nc4 Kf5 52. Nd2 Nf8 53. Ne4 Nd7 54. Ng3+ Ke6 55. Ke4 Nb6 56. f5+ Kf7 57. Ke5 Nc4+ 58. Kd5 Ne3+ 59. Kxc5 Nxc2 60. Kc4 d3 61. Kxd3 Nb4+ 62. Kd4 Nc6+ 63. Kd5 Nb4+ 64. Kd6 Nd3 65. Kd5 Nf4+ 66. Ke4 Nh3 67. g6+ Kf6 68. h6 gxh6 69. Nh5+ Ke7 70. f6+ Kf8 71. Ke5 Ng5 72. Nf4 Nf3+ 73. Kd6 Ng5 74. Ke5 Nf3+ 75. Kf5 Nh4+ 76. Kg4 Nxg6 77. Nxg6+ Kf7 78. Kf5 h5 79. Nh4 Kf8 80. Kg6 1-0

[Event "Goch op 23rd"]
[Site "Goch"]
[Date "2012.08.31"]
[Round "3"]
[White "Hemmers, Dirk"]
[Black "Kutzner, Stephen"]
[Result "0-1"]
[WhiteElo "1819"]
[BlackElo "2036"]
[PlyCount "138"]
[EventDate "2012.08.30"]
[EventType "swiss"]
[EventRounds "7"]
[EventCountry "GER"]
[SourceTitle "EXT 2015"]
[Source "ChessBase"]
[SourceDate "2014.11.20"]
[SourceVersion "1"]
[SourceVersionDate "2014.11.20"]
[SourceQuality "1"]

1. f4 d5 2. Nf3 Nf6 3. e3 Bg4 4. Be2 Nbd7 5. 0-0 c6 6. Ne5 Bxe2 7. Qxe2 g6 8. d4 Bg7 9. c4 0-0 10. Nc3 dxc4 11. Nxc4 Nb6 12. b3 Nbd5 13. Nxd5 Qxd5 14. Ba3 Rfe8 15. Rac1 Rad8 16. Rfd1 Ne4 17. Nd2 Nxd2 18. Rxd2 e5 19. Rc5 Qd7 20. fxe5 Bxe5 21. Rcc2 Bb8 22. Qf3 Qd5 23. Qf2 Qh5 24. g3 Qg5 25. Re2 h5 26. Bc1 h4 27. e4 hxg3 28. Qxf7+ Kxf7 29. Bxg5 gxh2+ 30. Kh1 Rxd4 31. Rf2+ Kg8 32. Bf4 Bxf4 33. Rxf4 Rdxe4 34. Rff2 Rh4 35. Rxh2 Re1+ 36. Kg2 Rxh2+ 37. Kxh2 Rf1 38. Rd2 Rf7 39. Kg3 Kg7 40. Rd6 Re7 41. Kf3 Kf7 42. b4 Kg7 43. a3 Kh6 44. Rd3 Kg5 45. Kg3 Kf5 46. Kf3 g5 47. Kg3 Re5 48. Rd7 Re3+ 49. Kf2 Rxa3 50. Rxb7 Rb3 51. Rxa7 Rxb4 52. Rc7 Rc4 53. Rf7+ Kg4 54. Rg7 Rf4+ 55. Kg2 c5 56. Rc7 Rc4 57. Rc8 Rc2+ 58. Kf1 Kg3 59. Ke1 g4 60. Kd1 Rc4 61. Kd2 Re4 62. Rxc5 Kh2 63. Kd3 Re8 64. Rh5+ Kg2 65. Rg5 g3 66. Rg7 Kh2 67. Rh7+ Kg1 68. Rg7 g2 69. Rg6 Rh8 0-1

[Event "Goch op 22nd"]
[Site "Goch"]
[Date "2011.10.02"]
[Round "6"]
[White "Moeller, Christian"]
[Black "Hemmers, Dirk"]
[Result "0-1"]
[WhiteElo "1950"]
[BlackElo "1772"]
[PlyCount "68"]
[EventDate "2011.09.29"]
[EventType "swiss"]
[EventRounds "7"]
[EventCountry "GER"]
[SourceTitle "EXT 2014"]
[Source "ChessBase"]
[SourceDate "2013.11.20"]
[SourceVersion "1"]
[SourceVersionDate "2013.11.20"]
[SourceQuality "1"]

1. e4 e5 2. Nf3 Nf6 3. Nc3 Bb4 4. Bc4 Nc6 5. d3 h6 6. Bd2 d6 7. a3 Ba5 8. b4 Bb6 9. Na4 0-0 10. Nxb6 axb6 11. 0-0 Bg4 12. c3 d5 13. exd5 Nxd5 14. h3 Bh5 15. g4 Bg6 16. b5 Na5 17. Nxe5 Nxc4 18. dxc4 Ne7 19. Bf4 c6 20. Qf3 f6 21. Nxg6 Nxg6 22. Rfd1 Qe8 23. Bg3 Ra4 24. Re1 Ne5 25. Qd1 Rxc4 26. f4 Rxc3 27. Kg2 Rd3 28. Qe2 Qd7 29. Rad1 Qd5+ 30. Kg1 Rxg3+ 31. Kh2 Qb3 32. fxe5 Rxh3+ 33. Kg1 fxe5 34. Qxe5 Rg3+ 0-1

[Event "Goch op 22nd"]
[Site "Goch"]
[Date "2011.10.01"]
[Round "4"]
[White "Wiegand, Christian"]
[Black "Hemmers, Dirk"]
[Result "1/2-1/2"]
[WhiteElo "1998"]
[BlackElo "1772"]
[PlyCount "54"]
[EventDate "2011.09.29"]
[EventType "swiss"]
[EventRounds "7"]
[EventCountry "GER"]
[SourceTitle "EXT 2014"]
[Source "ChessBase"]
[SourceDate "2013.11.20"]
[SourceVersion "1"]
[SourceVersionDate "2013.11.20"]
[SourceQuality "1"]

1. Nf3 f5 2. g3 Nf6 3. Bg2 e6 4. c4 d5 5. 0-0 c6 6. d3 Bd6 7. cxd5 exd5 8. Nc3 0-0 9. e4 fxe4 10. dxe4 dxe4 11. Ng5 Qc7 12. Qb3+ Kh8 13. Ncxe4 Nd5 14. Nxd6 Qxd6 15. Re1 Na6 16. Bf4 Qd8 17. Rad1 h6 18. Ne6 Bxe6 19. Qxb7 Bg4 20. Qxa6 Bxd1 21. Rxd1 Qb6 22. Qxb6 axb6 23. Bxd5 cxd5 24. Rxd5 Rxa2 25. Rb5 Rf6 26. Be3 Ra5 27. h4 Kg8 1/2-1/2

[Event "Goch op 22nd"]
[Site "Goch"]
[Date "2011.09.30"]
[Round "2"]
[White "Bressel, Egbert"]
[Black "Hemmers, Dirk"]
[Result "0-1"]
[WhiteElo "1254"]
[BlackElo "1772"]
[PlyCount "66"]
[EventDate "2011.09.29"]
[EventType "swiss"]
[EventRounds "7"]
[EventCountry "GER"]
[SourceTitle "EXT 2014"]
[Source "ChessBase"]
[SourceDate "2013.11.20"]
[SourceVersion "1"]
[SourceVersionDate "2013.11.20"]
[SourceQuality "1"]

1. Nf3 f5 2. d4 Nf6 3. Nc3 e6 4. d5 d6 5. e3 e5 6. Bb5+ Bd7 7. Bxd7+ Nbxd7 8. Ng5 Nc5 9. Qf3 g6 10. Qe2 c6 11. b4 h6 12. Nf3 Nce4 13. Qd3 Nxc3 14. Qxc3 Nxd5 15. Qc4 Qe7 16. Bd2 Bg7 17. Rd1 Nb6 18. Qb3 Qf7 19. Qxf7+ Kxf7 20. Bc3 Nd5 21. Bd2 Rhd8 22. a3 c5 23. Bc1 Nc3 24. Rd2 e4 25. Nh4 Nb1 26. Rd1 Nc3 27. Rd2 Na2 28. Ke2 Nxc1+ 29. Rxc1 cxb4 30. axb4 Bc3 31. Rd4 Bxd4 32. exd4 Kf6 33. f3 g5 0-1

[Event "Goch op 21st"]
[Site "Goch"]
[Date "2010.10.01"]
[Round "3"]
[White "Hemmers, Dirk"]
[Black "Avis, Fred"]
[Result "0-1"]
[WhiteElo "1770"]
[BlackElo "2004"]
[PlyCount "56"]
[EventDate "2010.09.30"]
[EventType "swiss"]
[EventRounds "7"]
[EventCountry "GER"]
[SourceTitle "EXT 2012"]
[Source "ChessBase"]
[SourceDate "2011.11.24"]
[SourceVersion "1"]
[SourceVersionDate "2011.11.24"]
[SourceQuality "1"]

1. f4 e5 2. fxe5 d6 3. exd6 Bxd6 4. Nf3 Nc6 5. d4 Bg4 6. Qd3 Bxf3 7. gxf3 Qh4+ 8. Kd1 Nxd4 9. c3 Nc6 10. Nd2 Nge7 11. Ne4 0-0-0 12. Kc2 f5 13. Nxd6+ Rxd6 14. Qe3 h6 15. Qf4 Qf6 16. e4 g5 17. Qe3 Kb8 18. Bd3 Ne5 19. Rd1 Rhd8 20. Be2 Rxd1 21. Bxd1 Rd3 22. Qc5 b6 23. Qa3 fxe4 24. Be2 Rd6 25. fxe4 Qf2 26. Qa6 Nd3 27. a4 Qxe2+ 28. Kb1 Qf1 0-1

[Event "Goch op 21st"]
[Site "Goch"]
[Date "2010.10.01"]
[Round "2"]
[White "Jostmeijer, Erik"]
[Black "Hemmers, Dirk"]
[Result "0-1"]
[WhiteElo "1940"]
[BlackElo "1770"]
[PlyCount "90"]
[EventDate "2010.09.30"]
[EventType "swiss"]
[EventRounds "7"]
[EventCountry "GER"]
[SourceTitle "EXT 2012"]
[Source "ChessBase"]
[SourceDate "2011.11.24"]
[SourceVersion "1"]
[SourceVersionDate "2011.11.24"]
[SourceQuality "1"]

1. d4 e6 2. Nf3 f5 3. g3 Nf6 4. Bg2 Be7 5. 0-0 0-0 6. b3 d6 7. Bb2 a5 8. c4 c6 9. Nc3 Ne4 10. Rc1 Nd7 11. d5 Nxc3 12. Bxc3 cxd5 13. cxd5 e5 14. e3 Nc5 15. Nd2 b5 16. b4 axb4 17. Bxb4 Nd3 18. Rb1 Nxb4 19. Rxb4 Rxa2 20. Nb3 Ra4 21. Qd2 Qb6 22. Rc1 Bd7 23. Bf1 Rfa8 24. Bd3 Ra2 25. Rc2 Rxc2 26. Qxc2 e4 27. Be2 Bf6 28. Nd4 Bxd4 29. Rxd4 Rc8 30. Qb3 Rc5 31. f3 Qa5 32. Kf2 Rc1 33. Rb4 exf3 34. Kxf3 Rc5 35. Kg2 Kf8 36. h3 Rxd5 37. g4 Rd2 38. Kf2 Qa2 39. Qxa2 Rxa2 40. gxf5 Ke7 41. e4 Ra4 42. Rb1 Rxe4 43. Rg1 Kf6 44. Kf3 Bxf5 45. Bxb5 Rb4 0-1

[Event "Goch op 21st"]
[Site "Goch"]
[Date "2010.09.30"]
[Round "1"]
[White "Holscher, Peter AC"]
[Black "Hemmers, Dirk"]
[Result "1-0"]
[WhiteElo "2080"]
[BlackElo "1770"]
[PlyCount "41"]
[EventDate "2010.09.30"]
[EventType "swiss"]
[EventRounds "7"]
[EventCountry "GER"]
[SourceTitle "EXT 2012"]
[Source "ChessBase"]
[SourceDate "2011.11.24"]
[SourceVersion "1"]
[SourceVersionDate "2011.11.24"]
[SourceQuality "1"]

1. d4 e6 2. c4 f5 3. Nc3 Nf6 4. Nf3 Bb4 5. Qb3 a5 6. g3 Ne4 7. Bg2 b6 8. 0-0 Bxc3 9. bxc3 Bb7 10. Be3 d6 11. c5 Qd7 12. Rab1 a4 13. Qc2 Nxc5 14. dxc5 Be4 15. Qb2 Bxb1 16. Qxb1 Ra5 17. cxb6 Rb5 18. Qc2 cxb6 19. Qxa4 Rb2 20. Qa3 Rxe2 21. Nd4 1-0

[Event "Goch op 20th"]
[Site "Goch"]
[Date "2009.10.03"]
[Round "5"]
[White "Bondarchuk, Vadim"]
[Black "Hemmers, Dirk"]
[Result "1-0"]
[WhiteElo "1947"]
[BlackElo "1617"]
[PlyCount "49"]
[EventDate "2009.10.01"]
[EventType "swiss"]
[EventRounds "7"]
[EventCountry "GER"]
[SourceTitle "EXT 2011"]
[Source "ChessBase"]
[SourceDate "2010.11.26"]
[SourceVersion "1"]
[SourceVersionDate "2010.11.26"]
[SourceQuality "1"]

1. e4 b6 2. d4 Bb7 3. d5 Nf6 4. Bd3 e6 5. c4 exd5 6. cxd5 Bb4+ 7. Nc3 0-0 8. Nge2 Re8 9. 0-0 c6 10. Bg5 Bxc3 11. Nxc3 h6 12. Bh4 g5 13. dxc6 Nxc6 14. Bg3 Ne5 15. Bc2 Qe7 16. f3 Nc4 17. Qc1 d5 18. exd5 Qe3+ 19. Qxe3 Nxe3 20. Rfc1 Nxc2 21. Rxc2 Nxd5 22. Ne4 Nb4 23. Nf6+ Kh8 24. Rc7 Re6 25. Rxf7 1-0

[Event "Goch op 19th"]
[Site "Goch"]
[Date "2008.10.10"]
[Round "2"]
[White "Lehmann, Heinz Gerd"]
[Black "Hemmers, Dirk"]
[Result "1-0"]
[WhiteElo "1940"]
[BlackElo "1651"]
[PlyCount "51"]
[EventDate "2008.10.09"]
[EventType "swiss"]
[EventRounds "7"]
[EventCountry "GER"]
[SourceTitle "EXT 2011"]
[Source "ChessBase"]
[SourceDate "2010.11.26"]
[SourceVersion "1"]
[SourceVersionDate "2010.11.26"]
[SourceQuality "1"]

1. e4 e5 2. Nf3 Nf6 3. Nxe5 d6 4. Nxf7 Kxf7 5. d4 Bg4 6. f3 Be6 7. Bd3 Be7 8. 0-0 Rf8 9. Nc3 Kg8 10. Be3 Nbd7 11. Qd2 c6 12. Rae1 Nb6 13. b3 Qd7 14. a4 Qc7 15. h3 Nh5 16. f4 Bh4 17. Rd1 d5 18. e5 Ng3 19. Rf3 Qd7 20. Bf2 Nf5 21. g3 Bxg3 22. Bxg3 Nxg3 23. Rxg3 Bxh3 24. Bxh7+ Kf7 25. Qd3 Be6 26. f5 1-0

[Event "Goch op 18th"]
[Site "Goch"]
[Date "2007.10.06"]
[Round "4"]
[White "Bemba, Ralph"]
[Black "Hemmers, Dirk"]
[Result "1-0"]
[WhiteElo "1682"]
[BlackElo "1659"]
[PlyCount "49"]
[EventDate "2007.10.04"]
[EventType "swiss"]
[EventRounds "7"]
[EventCountry "GER"]
[SourceTitle "EXT 2011"]
[Source "ChessBase"]
[SourceDate "2010.11.26"]
[SourceVersion "1"]
[SourceVersionDate "2010.11.26"]
[SourceQuality "1"]

1. e4 d5 2. exd5 Qxd5 3. Nc3 Qa5 4. d4 Nf6 5. Bc4 c6 6. Bd2 Qb6 7. Nf3 Bg4 8. Bxf7+ Kxf7 9. Ne5+ Ke8 10. Nxg4 Qxd4 11. Ne3 e6 12. Qe2 Kf7 13. Rd1 Be7 14. 0-0 Nbd7 15. Rfe1 Qe5 16. Qc4 Qc5 17. Qe2 Qh5 18. f3 Rae8 19. Nf1 Bc5+ 20. Be3 Bxe3+ 21. Nxe3 Nd5 22. Ne4 Ke7 23. Nc4 Nf4 24. Qd2 Qd5 25. Qxf4 1-0

[Event "Goch op 14th"]
[Site "Goch"]
[Date "2003.??.??"]
[Round "1"]
[White "Hemmers, Dirk"]
[Black "Iounoussov, Maksim"]
[Result "0-1"]
[WhiteElo "1640"]
[BlackElo "2065"]
[PlyCount "34"]
[EventDate "2003.10.02"]
[EventType "swiss"]
[EventRounds "7"]
[EventCountry "GER"]
[SourceTitle "EXT 2006"]
[Source "ChessBase"]
[SourceDate "2005.11.24"]
[SourceVersion "1"]
[SourceVersionDate "2005.11.24"]
[SourceQuality "1"]

1. f4 e6 2. Nf3 c5 3. g3 Nc6 4. e4 Nge7 5. Bg2 d5 6. e5 Nf5 7. Nc3 h5 8. Ne2 h4 9. g4 h3 10. Bxh3 Rxh3 11. Ng5 Rh8 12. gxf5 exf5 13. Ng3 Be7 14. Nf3 g5 15. d3 g4 16. Ng1 Be6 17. Be3 d4 0-1

[Event "Goch op 14th"]
[Site "Goch"]
[Date "2003.??.??"]
[Round "2"]
[White "Pooth, Richard"]
[Black "Hemmers, Dirk"]
[Result "1/2-1/2"]
[WhiteElo "1825"]
[BlackElo "1640"]
[PlyCount "106"]
[EventDate "2003.10.02"]
[EventType "swiss"]
[EventRounds "7"]
[EventCountry "GER"]
[SourceTitle "EXT 2006"]
[Source "ChessBase"]
[SourceDate "2005.11.24"]
[SourceVersion "1"]
[SourceVersionDate "2005.11.24"]
[SourceQuality "1"]

1. e4 e5 2. Nc3 Nf6 3. Bc4 Bb4 4. Nge2 Nc6 5. a3 Bc5 6. b4 Bd4 7. Rb1 d6 8. f3 Nh5 9. Nd5 0-0 10. c3 Bb6 11. a4 a6 12. Nxb6 cxb6 13. d4 Qh4+ 14. g3 Qf6 15. 0-0 Bh3 16. Rf2 Qg6 17. Be3 Ne7 18. Qd3 Kh8 19. f4 f5 20. dxe5 fxe4 21. Qxd6 Qxd6 22. exd6 Nf5 23. Bxb6 e3 24. Rg2 Nxd6 25. Bd5 Bxg2 26. Kxg2 Nf6 27. Bf3 Nc4 28. Bd4 Nd2 29. Re1 Nxf3 30. Kxf3 Nd5 31. Rd1 Rad8 32. Bc5 Rfe8 33. a5 Kg8 34. c4 Nf6 35. Rxd8 Rxd8 36. Nd4 Re8 37. Ne2 Rd8 38. Bd4 Kf7 39. g4 h6 40. h4 Rc8 41. g5 hxg5 42. hxg5 Nd7 43. c5 g6 44. Bxe3 Nb8 45. Nc3 Nc6 46. Ne4 Ke6 47. Nd6 Rc7 48. Bd2 Nd4+ 49. Ke4 Nf5 50. Nc4 Rd7 51. Bc3 Ng3+ 52. Ke3 Nf5+ 53. Ke4 Ng3+ 1/2-1/2

[Event "Goch op 14th"]
[Site "Goch"]
[Date "2003.??.??"]
[Round "7"]
[White "Weiter, Martin"]
[Black "Hemmers, Dirk"]
[Result "1/2-1/2"]
[WhiteElo "1720"]
[BlackElo "1640"]
[PlyCount "50"]
[EventDate "2003.10.02"]
[EventType "swiss"]
[EventRounds "7"]
[EventCountry "GER"]
[SourceTitle "EXT 2006"]
[Source "ChessBase"]
[SourceDate "2005.11.24"]
[SourceVersion "1"]
[SourceVersionDate "2005.11.24"]
[SourceQuality "1"]

1. e4 e5 2. Nc3 Nf6 3. Bc4 Bb4 4. Nge2 Nc6 5. d3 d5 6. exd5 Nxd5 7. 0-0 Nxc3 8. bxc3 Bd6 9. f4 0-0 10. f5 Na5 11. Bb3 Nxb3 12. axb3 Be7 13. Ng3 Bd7 14. Ne4 Bf6 15. g4 h6 16. Be3 a6 17. Qd2 Bc6 18. Nxf6+ Qxf6 19. g5 hxg5 20. Bxg5 Qd6 21. c4 Qd4+ 22. Qf2 Qg4+ 23. Qg3 Qxg3+ 24. hxg3 f6 25. Be3 Kf7 1/2-1/2